000 00507cam a2200145 4500500
005 20251012032511.0
041 _afre
042 _adc
100 1 0 _aCastel-Bouchouchi, Anissa
_eauthor
245 0 0 _aLes figures du secret dans Les Lois de Platon : le non-dit, l’imprévisible et l’informulable
260 _c2002.
500 _a25
786 0 _nSigila | 9 | 1 | 2002-06-20 | p. 175-187 | 1286-1715
856 4 1 _uhttps://shs.cairn.info/revue-sigila-2002-1-page-175?lang=fr&redirect-ssocas=7080
999 _c1547456
_d1547456